The music industry : music in the cloud / (Record no. 2996)

000 -LEADER
fixed length control field 02664cam a2200433 i 4500
001 - CONTROL NUMBER
control field 18236877
003 - CONTROL NUMBER IDENTIFIER
control field OSt
005 - DATE AND TIME OF LATEST TRANSACTION
control field 20160829144338.0
008 - FIXED-LENGTH DATA ELEMENTS--GENERAL INFORMATION
fixed length control field 140722s2013 enka b 001 0 eng d
010 ## - LIBRARY OF CONGRESS CONTROL NUMBER
LC control number 2009440775
015 ## - NATIONAL BIBLIOGRAPHY NUMBER
National bibliography number GBB338924
Source bnb
016 7# - NATIONAL BIBLIOGRAPHIC AGENCY CONTROL NUMBER
Record control number 016320944
Source Uk
020 ## - INTERNATIONAL STANDARD BOOK NUMBER
International Standard Book Number 9780745664187 (hbk.)
020 ## - INTERNATIONAL STANDARD BOOK NUMBER
International Standard Book Number 0745664172 (hbk.)
020 ## - INTERNATIONAL STANDARD BOOK NUMBER
International Standard Book Number 0745664180 (pbk.)
020 ## - INTERNATIONAL STANDARD BOOK NUMBER
International Standard Book Number 9780745664187 (pbk.)
035 ## - SYSTEM CONTROL NUMBER
System control number (OCoLC)ocn840431751
035 ## - SYSTEM CONTROL NUMBER
System control number (OCoLC)840431751
040 ## - CATALOGING SOURCE
Original cataloging agency UKMGB
Language of cataloging eng
Description conventions rda
Transcribing agency UKMGB
Modifying agency OCLCO
-- YDXCP
-- NDD
-- IBS
-- VP@
-- CDX
-- ICW
-- DLC
042 ## - AUTHENTICATION CODE
Authentication code lccopycat
050 00 - LIBRARY OF CONGRESS CALL NUMBER
Classification number ML3790.W52 2013
082 04 - DEWEY DECIMAL CLASSIFICATION NUMBER
Classification number 338.4778
Edition number 23
100 1# - MAIN ENTRY--PERSONAL NAME
Personal name Wikström, Patrik,
Relator term author.
245 14 - TITLE STATEMENT
Title The music industry : music in the cloud /
Statement of responsibility, etc Patrik Wikström.
250 ## - EDITION STATEMENT
Edition statement 2nd edition.
300 ## - PHYSICAL DESCRIPTION
Extent x, 203 pages :
Other physical details illustrations ;
Dimensions 21 cm.
490 1# - SERIES STATEMENT
Series statement Digital media and society series
500 ## - GENERAL NOTE
General note Previous edition: 2009.
504 ## - BIBLIOGRAPHY, ETC. NOTE
Bibliography, etc Includes bibliographical references (pages 184-197) and index.
505 0# - FORMATTED CONTENTS NOTE
Formatted contents note Introduction : music in the cloud -- A copyright industry -- Inside the music industry -- Music and the media -- Making music -- The social and creative music fan -- Future sounds.
520 ## - SUMMARY, ETC.
Summary, etc The music industry is going through a period of immense change brought about in part by the digital revolution. What is the role of music in the age of computers and the Internet? How has the music industry been transformed by the economic and technological upheavals of recent years, and how is it likely to change in the future? This thoroughly revised and updated new edition provides an international overview of the music industry and its future prospects in the world of global entertainment. Patrik Wikström illuminates the workings of the music industry, and captures the dynamics at work in the production of musical culture between the transnational media conglomerates, the independent music companies and the public. New to this second edition are expanded sections on the structure of the music industry, online business models and the links between social media and music. Engaging and comprehensive, The Music Industry will be a must-read for students and scholars of media and communication studies, cultural studies, popular music, sociology and economics [Publisher description]
650 #0 - SUBJECT ADDED ENTRY--TOPICAL TERM
Topical term or geographic name as entry element Music trade
General subdivision Technological innovations.
650 #0 - SUBJECT ADDED ENTRY--TOPICAL TERM
Topical term or geographic name as entry element Music and the Internet.
650 #0 - SUBJECT ADDED ENTRY--TOPICAL TERM
Topical term or geographic name as entry element Music
General subdivision Social aspects.
830 #0 - SERIES ADDED ENTRY--UNIFORM TITLE
Uniform title Digital media and society series.
906 ## - LOCAL DATA ELEMENT F, LDF (RLIN)
a 7
b cbc
c copycat
d 2
e ncip
f 20
g y-gencatlg
942 ## - ADDED ENTRY ELEMENTS (KOHA)
Source of classification or shelving scheme
Koha item type Book
Holdings
Withdrawn status Lost status Source of classification or shelving scheme Damaged status Not for loan Home library Current library Shelving location Date acquired Total Checkouts Full call number Barcode Date last seen Date checked out Copy number Price effective from Koha item type
          Riara University Library Riara University Library General stack 29/08/2016 1 ML3790.W52 2013 7940/16 16/08/2024 23/02/2023 C.1 29/08/2016 Book

Riara University Library,
P.O. Box 49940-00100,
Nairobi, Kenya.